Industrial and organizational psychology research and practice / (Record no. 18521)

MARC details
000 -LEADER
fixed length control field 00497nam a2200169Ia 4500
008 - FIXED-LENGTH DATA ELEMENTS--GENERAL INFORMATION
fixed length control field 220501s2021 xx 000 0 eng d
020 ## - INTERNATIONAL STANDARD BOOK NUMBER
International Standard Book Number 9788126558599
082 ## - DEWEY DECIMAL CLASSIFICATION NUMBER
Classification number 158.7 SPE-I
100 ## - MAIN ENTRY--PERSONAL NAME
Personal name Spector, Paul E.
245 #0 - TITLE STATEMENT
Title Industrial and organizational psychology research and practice /
Statement of responsibility, etc Paul E. Spector
260 ## - PUBLICATION, DISTRIBUTION, ETC. (IMPRINT)
Place of publication, distribution, etc New Delhi :
Name of publisher, distributor, etc Wiley,
Date of publication, distribution, etc 2021.
300 ## - PHYSICAL DESCRIPTION
Extent / Pages xxi, 441p. ;
650 ## - SUBJECT ADDED ENTRY--TOPICAL TERM
Topical term or geographic name as entry element Personnel management
650 ## - SUBJECT ADDED ENTRY--TOPICAL TERM
Topical term or geographic name as entry element Psychology
650 ## - SUBJECT ADDED ENTRY--TOPICAL TERM
Topical term or geographic name as entry element Psychology, Industrial
942 ## - ADDED ENTRY ELEMENTS (KOHA)
Source of classification or shelving scheme
Koha item type Reference Books
Holdings
Withdrawn status Lost status Source of classification or shelving scheme Damaged status Not for loan Home library Current library Date acquired Source of acquisition Full call number Barcode Date last seen Copy number Bill Date Koha item type Bill Number Currency Cost, normal purchase price
          SOBD Library SOBD Library 17/05/2022 Vedi Books 158.7 SPE-I1 001306 01/07/2022 1 13/04/2022 Reference Books VEDI/22-23/04/09    
          SOBD Library SOBD Library 17/05/2022 Vedi Books 158.7 SPE-I2 001307 01/07/2022 2 13/04/2022 Books VEDI/22-23/04/09    
          SOBD Library SOBD Library 21/04/2023 Vedi Books 158.7 SPE-I3 002673 21/04/2023 3 15/04/2023 Books VEDI/23-24/04/09 INR 679.00
          SOBD Library SOBD Library 21/04/2023 Vedi Books 158.7 SPE-I4 002674 21/04/2023 4 15/04/2023 Books VEDI/23-24/04/09 INR 679.00
          SOBD Library SOBD Library 21/04/2023 Vedi Books 158.7 SPE-I5 002675 21/04/2023 5 15/04/2023 Books VEDI/23-24/04/09 INR 679.00
          SOBD Library SOBD Library 21/04/2023 Vedi Books 158.7 SPE-I6 002676 21/04/2023 6 15/04/2023 Books VEDI/23-24/04/09 INR 679.00
          SOBD Library SOBD Library 21/04/2023 Vedi Books 158.7 SPE-I7 002677 21/04/2023 7 15/04/2023 Books VEDI/23-24/04/09 INR 679.00
          SOBD Library SOBD Library 21/04/2023 Vedi Books 158.7 SPE-I8 002678 21/04/2023 8 15/04/2023 Books VEDI/23-24/04/09 INR 679.00
Hosted, Implemented, Customized & Maintained by: BestBookBuddies

Powered by Koha